000 01369cam a2200133 4500500
005 20251214002427.0
041 _afre
042 _adc
100 1 0 _aDebarbieux, Éric
_eauthor
245 0 0 _aL'impasse de la punition à l'école : Des solutions alternatives en classe
260 _bArmand Colin,
_c2022.
520 _aContrairement à une légende tenace, la « punition » à l’école est fréquente, et ce livre en donne les vrais chiffres, impressionnants. L’inflation punitive entraîne plus de difficultés – voire de violence – qu’elle n’en résout. Il faut d’autres solutions pour une discipline réelle, respectueuse de tous et de toutes dans les écoles, les collèges et les lycées. C’est vrai au niveau de l’établissement, mais aussi de la classe elle-même. Or les enseignants sont particulièrement démunis, manquant totalement de formation à cet égard. Ce livre présente des solutions alternatives, qui ne se veulent pas modèles universels, mais qui ont été réellement expérimentées sur des terrains parfois difficiles : pédagogie coopérative, discipline positive, approche de Palo Alto, développement des compétences psychosociales, Communication NonViolente, justice restaurative.
856 4 1 _uhttps://shs.cairn.info/l-impasse-de-la-punition-a-l-ecole--9782200631871?lang=fr&redirect-ssocas=7080
999 _c1566927
_d1566927